| 000 | 00636nam a2200181 4500 | ||
|---|---|---|---|
| 001 | 120391 | ||
| 003 | ES-MaACL | ||
| 005 | 20230906191535.0 | ||
| 007 | t| | ||
| 008 | 070214s1966 sp r ||||1| spa d | ||
| 100 | 1 |
_aPirson, Sylvain J. _992355 |
|
| 245 | 1 | 0 |
_aIngeniería de yacimientos petrolíferos / _cSylvain J. Pirson ; traducción por Hernando Vázquez-Silva ; revisada y corregida [por] Ramiro Pérez Palacio. |
| 260 |
_aBarcelona : _bOmega, _c1966. |
||
| 300 |
_a786 p. : _bil. ; _c23 cm. |
||
| 700 | 1 |
_aVázquez-Silva, Hernando. _9113489 |
|
| 700 | 1 |
_aPérez Palacio, Ramiro. _991069 |
|
| 852 |
_aES-MaACL _jF-7240 _bR.94948 |
||
| 999 |
_c120391 _d120391 |
||